000 00665nam a2200205Ia 4500
003 OSt
005 20230412093135.0
008 210423s2009 xx 000 0 und d
020 _a9788126907717
040 _cAL
041 _aeng
082 _a420.02 MASI
_223
100 _aMASIH (Ivan K);others.
_986264
245 _aObjective approach to english literature: for NET,JRF,SLET and Pre-Ph.D registration test.
260 _aNew Delhi
_bAtlantic Publishers and Distributors
_c2009
300 _axx,578
_bPB
365 _b350
_cINR
906 _aapproach ; english ; literature: ; NET,JRF,SLET ; Objective ; Pre-Ph.D ; registration ; test.
942 _2ddc
_cBK
999 _c159082
_d159082